000 00940nam a2200241 i 4500
001 18703
003 ES-MaACL
005 20250911063527.0
007 t|
008 020301s1934 sp f |||| | spa d
080 _a7(460.355)
100 1 _aRomero de Torres, Enrique,
_d1876-1956
_999381
245 1 0 _aCatálogo monumental de España.
_pProvincia de Cádiz (1908-1909) /
_cpor Enrique Romero de Torres.
260 _a[Madrid] :
_bMinisterio de Instrucción Pública y Bellas Artes,
_c1934.
300 _a2 v. :
_blám. ;
_c24 cm.
505 8 _aContiene: [1]. Texto (VII, 595 p.) - [2]. Láminas (DLIX p. de lám., 23 p.)
650 4 _aPatrimonio cultural-
_zCádiz (Provincia)
_9165869
650 4 _aMonumentos-
_zCádiz (Provincia)
_9169681
710 1 _aEspaña.
_bMinisterio de Instrucción Pública y Bellas Artes
_9226896
852 _aES-MaACL
_jG-4672-73
852 _aES-MaACL
_jP-201-9-10
999 _c18703
_d18703